000 00643nam a2200241 i 4500
001 C2-0238710
003 PPAK
005 20180727201730.0
008 020427s2001 nyua|||| ||||| | eng d
020 _a0743423011
040 _aPPAK
_beng
_cPPAK
_erda
082 0 4 _a823
_223
090 0 0 _a823
_bODO
_dG
100 1 _aOdom, Mel,
_eauthor
245 1 0 _aLara Croft, Tomb Raider
264 1 _aNew York :
_bA Minstrel Book ,
_c2001
300 _a134 pages :
_bcolour illustrations ;
_c19 cm
336 _2rdacontent
_atext
337 _2rdamedia
_aunmediated
338 _2rdacarrier
_avolume
650 1 0 _aEnglish fiction
942 _ddc
_cB
999 _c54037
_d54037